Importers of Indian products: Switzerland. (Record no. 63485)

MARC details
000 -LEADER
fixed length control field 00795cam a22002531 4500
001 - CONTROL NUMBER
control field sa 65003997
003 - CONTROL NUMBER IDENTIFIER
control field DLC
005 - DATE AND TIME OF LATEST TRANSACTION
control field 20260227112127.0
008 - FIXED-LENGTH DATA ELEMENTS--GENERAL INFORMATION
fixed length control field 861104s1964 ii r 000 0 eng
010 ## - LIBRARY OF CONGRESS CONTROL NUMBER
LC control number sa 65003997
025 ## - OVERSEAS ACQUISITION NUMBER
Overseas acquisition number PL480:I-E-3374
035 ## - SYSTEM CONTROL NUMBER
System control number (OCoLC)14631551
040 ## - CATALOGING SOURCE
Original cataloging agency DLC
Transcribing agency WaU
Modifying agency DLC
042 ## - AUTHENTICATION CODE
Authentication code premarc
050 00 - LIBRARY OF CONGRESS CALL NUMBER
Classification number HF3788.S9
Item number A5
110 1# - MAIN ENTRY--CORPORATE NAME
Corporate name or jurisdiction name as entry element India.
Subordinate unit Directorate of Commercial Publicity.
245 10 - TITLE STATEMENT
Title Importers of Indian products: Switzerland.
260 ## - PUBLICATION, DISTRIBUTION, ETC.
Place of publication, distribution, etc. New Delhi
Date of publication, distribution, etc. [1964]
300 ## - PHYSICAL DESCRIPTION
Extent ii, 20 p.
Dimensions 24 cm.
500 ## - GENERAL NOTE
General note Cover title: Directory of importers of Indian products in Switzerland.
651 #0 - SUBJECT ADDED ENTRY--GEOGRAPHIC NAME
Geographic name Switzerland
General subdivision Commerce
Geographic subdivision India.
651 #0 - SUBJECT ADDED ENTRY--GEOGRAPHIC NAME
Geographic name India
General subdivision Commerce
Geographic subdivision Switzerland.
740 0# - ADDED ENTRY--UNCONTROLLED RELATED/ANALYTICAL TITLE
Uncontrolled related/analytical title Directory of importers of Indian products in Switzerland.

No items available.

Powered by Koha